| 000 | 01009nam a22002657a 4500 | ||
|---|---|---|---|
| 001 | BRCA_9354 | ||
| 003 | FranzMayer | ||
| 005 | 20230918122232.0 | ||
| 008 | 230828b |||||||| |||| 00| 0 eng d | ||
| 020 | _a9786076054253 | ||
| 040 |
_aMFM _besp _cMFM |
||
| 050 | 0 |
_aNC1000 _bE83 2016 |
|
| 110 | 1 |
_4Responsable _aEscuela de diseño _929314 |
|
| 240 |
_aDesafíos del diseño _hTeoría, crítica e historia _lEspañol |
||
| 245 | 0 |
_aDesafíos del diseño _bTeoría, crítica e historia |
|
| 260 |
_aCDMX, México _bSecretaria de cultura _c2016 |
||
| 300 |
_a245 p _bIlustraciones _c21 cm |
||
| 500 | _aAnexo 1 | ||
| 500 | _aCon dedicatoria al inicio | ||
| 505 | _aTexto en: españolIncluye índice temáticoDirigido a: diseñadores, estudiantes y profesores | ||
| 650 | 1 |
_2Diseño _aArtes decorativas _vUsos comerciales y/o educativos _929315 |
|
| 651 | 2 |
_2Escuelas de diseño _aTécnicas de diseño _vCrítica del diseño _929316 |
|
| 700 | 1 |
_4Coord. _aNMora Ojeda, Eloisa _929317 |
|
| 942 |
_2lcc _cB |
||
| 999 |
_c10976 _d10976 |
||